00627nam a2200181Ia 4500952012800000999001700128003000400145005001700149008004100166040000900207082001500216100003300231245006700264260004600331300000900377650002300386942003600409 00102ddc40708HISTORYaMESbMEScHISd2019-02-20g45.00l0o973 PAR/Up5187r2019-02-20 00:00:00w2019-02-20yBKzGL35R1 c19052d19052OSt20211120121046.0190216s9999||||xx |||||||||||||| ||und|| coclc a973bPAR/U aParkes, Henry Bamford 93581 4aThe United States Of America A History /cHenry Bamford Parkes bScientific Book Agency,c1964.aCalcutta: a805p aHistory Of America cBK2ddch973iPAR/Uk973mPAR/U